ბათუმის შოთა რუსთაველის სახელმწიფო უნივერსიტეტის ბიბლიოთეკა

მე-20 საუკუნის ავსტრიული ლირიკა = Osterreichische Lyrik des 20. Jahrhunderts : (ბიბ.ჩანაწერი № 55753)

000 -ლიდერი
ფიქსირებული სიგრძის საკონტროლო ველი 01541nam a2200229Ia 4500
001 - საკონტროლო ნომერი
საკონტროლო ველი 22848
003 - საკონტროლო ნომრის იდენტიფიკატორი
საკონტროლო ველი GE_BSU
005 - ბოლო ოპერაციის თარიღი და დრო
საკონტროლო ველი 20230524171142.0
008 - ფიქსირებული სიგრძის მონაცემთა ელემენტები - ზოგადი ინფორმაცია
ფიქსირებული სიგრძის საკონტროლო ველი 181216s ||||ge |||||||||||||| ||geo||
020 ## - წიგნის საერთაშორისო სტანდარტული ნომერი
International Standard Book Number 978-99940-60-31-3
040 ## - კატალოგიზაციის წყარო
Transcribing agency GE_BSU
041 ## - ენის კოდი
Language code of text/sound track or separate title geo
080 ## - უნივერსალური ათობითი კლასიფიკაციის ინდექსი
Universal Decimal Classification number 821.112.2(436)-1 მ-46
245 ## - ცნობა სათაურის შესახებ
Title მე-20 საუკუნის ავსტრიული ლირიკა = Osterreichische Lyrik des 20. Jahrhunderts :
Remainder of title მასალები ტ. 4 ანტონ ვილდგანსი, ალბერტ ერენშტაინი, ფელიქს ბრაუნი /
Statement of responsibility, etc იდეის ავტ. და ხელმძღვ. დათო ბარბაქაძე ; მრჩეველთა კოლ. : ბ. ადეიშვილი, ნ. გოგოლაშვილი და სხვა ; მთარგმნ. : მაია ბადრიძე, დალილა ბედიანიძე, ნანა გოგოლაშვილი და სხვა.
264 ## - წარმოების, გამოცემის, დისტრიბუციის და სხვა ცნობები
გამოცემის, წარმოების, დისტრიბუციის... ადგილი თბილისი :
გამოცემის, წარმოების, დისტრიბუციის... სახელწოდება საარი,
გამოცემის, წარმოების, დისტრიბუციის... თარიღი 2007.
300 ## - ფიზიკური აღწერა
Extent 394 გვ. ;
Dimensions 20 სმ.
500 ## - ზოგადი შენიშვნა
General note ლექსები ქართულ და გერმანულ ენებზე
653 ## - INDEX TERM--UNCONTROLLED
Uncontrolled term მე-20 საუკუნის ავსტრიული ლირიკა
653 ## - INDEX TERM--UNCONTROLLED
Uncontrolled term ტ.4 : ანტონ ვილდგანსი, ალბერტ ერენშტაინი, ფელიქს ბრაუნი
942 ## - ADDED ENTRY ELEMENTS (KOHA)
Koha item type წიგნი
Source of classification or shelving scheme
ეგზემპლარები
ჩამოწერის სტატუსი დაკარგული ეგზემპლარის სტატუსი კლასიფიკაციის წყარო ან თაროზე გაწყობის სქემა დაზიანების სტატუსი არ გაიცემა მუდმივი მდებარეობა (დაცვის ადგილი) ამჟამინდელი ადგილსამყოფელი თაროზე განთავსების ადგილი შეძენის თარიღი ღირებულება, შესყიდვის ნორმალური ფასი სრული შენახვის შიფრი შტრიხკოდი ბოლო ოპერაციის თარიღი ეგზემპლარის მიმდევრობითი ნომერი (კეტერი?) ფასის ძალაში შესვლის თარიღი ეგზემპლარის სახეობა საჯარო შენიშვნა
          ბათუმის შოთა რუსთაველის სახელმწიფო უნივერსიტეტის მთავარი ბიბლიოთეკა ბათუმის შოთა რუსთაველის სახელმწიფო უნივერსიტეტის მთავარი ბიბლიოთეკა წიგნსაცავი 2018-12-17 10.00 821.112.2(436)-1 მ-46 58318 2018-12-17 58318 2018-12-17 წიგნი 10.00 ₾.